000 00851nam a2200301Ia 4500
001 41019
003 IT-RoPAU
008 130308s9999 xx 000 0 und d
040 _aIT-RoPAU
040 _cIT-RoPAU
041 _aFRANCESE
100 _aGrondin Jean
100 _gCodice Aut. SPICS: 7635
245 _aRationalitè et agir communication nel chez Habermas
245 _bConfrontations Philosophiques-464/465-Critique
250 _a1a ed.
260 _aPARIS
260 _bMinuit
260 _c1986 [1° Ed.:1986 - Ed.Ling.Originale:1986]
300 _a"20 p. (prefazione: no ; testo: 20 [pagine: 40-59])"
500 _aJurgen Habermas Rene' Gortzen Razionalità Agire Comunicativo
650 _aLOGICA FILOSOFICA
650 _eCodice materia Spics: 3151
942 _cBK
957 _71
999 _c39078
_d39078
999 _bSI
999 _g1